[Event "GER OS-361 email"]
[Site "GER email"]
[Date "2018.12.10"]
[Round "?"]
[White "Hueser, Udo"]
[Black "Ramus, Norbert"]
[Result "1-0"]
[WhiteElo "1716"]
[BlackElo "1372"]
[PlyCount "67"]
[EventDate "2018.12.19"]
[EventType "tourn (corr)"]
[EventRounds "6"]
[EventCountry "GER"]
[SourceTitle "Corr 2022"]
[Source "ChessBase"]
[SourceDate "2021.10.24"]
[SourceVersion "1"]
[SourceVersionDate "2021.10.24"]
[SourceQuality "1"]

1. g4 d5 2. Bg2 c6 3. g5 e5 4. h4 Bd6 5. d4 e4 6. c4 Ne7 7. Nc3 Na6 8. h5 Bb4 9. a3 Bxc3+ 10. bxc3 Nc7 11. cxd5 cxd5 12. Nh3 Ne6 13. Nf4 Qc7 14. Nxe6 Bxe6 15. Qa4+ Qc6 16. Qxc6+ Nxc6 17. f3 exf3 18. Bxf3 0-0-0 19. e4 dxe4 20. Bxe4 Bd5 21. Bf5+ Be6 22. Bd3 Bd5 23. 0-0 h6 24. c4 Be6 25. d5 Ne5 26. dxe6 Rxd3 27. exf7 Rf8 28. g6 Nxc4 29. Ra2 Ne3 30. Re1 Nf5 31. Re8+ Rd8 32. Rxf8 Rxf8 33. Rf2 Nd6 34. Bxh6 1-0

[Event "GER OS-330 email"]
[Site "GER email"]
[Date "2017.09.23"]
[Round "?"]
[White "Ebert, Peter"]
[Black "Hueser, Udo"]
[Result "1-0"]
[WhiteElo "1958"]
[BlackElo "1711"]
[PlyCount "127"]
[EventDate "2017.09.27"]
[EventType "tourn (corr)"]
[EventRounds "6"]
[EventCountry "GER"]
[SourceTitle "Corr 2020"]
[Source "ChessBase"]
[SourceDate "2019.09.30"]
[SourceVersion "1"]
[SourceVersionDate "2019.09.30"]
[SourceQuality "1"]

1. d4 Nf6 2. c4 e6 3. Nc3 Bb4 4. e3 0-0 5. Bd3 d5 6. Nf3 c5 7. 0-0 Nc6 8. cxd5 exd5 9. dxc5 Bxc5 10. h3 Re8 11. b3 Ne4 12. Bb2 Bf5 13. Rc1 Bb6 14. a3 Nxc3 15. Bxc3 Be4 16. b4 a6 17. Qe2 Qd6 18. Rfd1 Qg6 19. Bxe4 dxe4 20. Nd2 Bc7 21. b5 Ne5 22. Bxe5 Bxe5 23. a4 Rad8 24. Nc4 Bb8 25. Qg4 Qxg4 26. hxg4 axb5 27. axb5 f6 28. Rxd8 Rxd8 29. Na5 Be5 30. Nxb7 Rb8 31. Nc5 Rxb5 32. Nxe4 Rb4 33. f3 Rb3 34. Kf2 Rb2+ 35. Kf1 Kf7 36. f4 Bb8 37. Rd1 Ke7 38. Rd2 Rb4 39. Nf2 Ke6 40. Ke2 Rc4 41. Rb2 Bc7 42. Kf3 Rc1 43. Ne4 Rf1+ 44. Ke2 Rg1 45. Kf2 Rc1 46. Rb5 Ke7 47. g5 fxg5 48. Rxg5 Kf7 49. g4 h6 50. Rb5 g6 51. Rb7 Ke6 52. Ra7 Rc6 53. Ra8 Bb6 54. Rh8 Kd5 55. Kf3 Re6 56. Nc3+ Kc6 57. e4 Bd4 58. Rd8 Bxc3 59. Rc8+ Kd7 60. Rxc3 Ra6 61. f5 Ke7 62. e5 h5 63. gxh5 gxf5 64. Kf4 1-0

[Event "GER OS-330 email"]
[Site "GER email"]
[Date "2017.09.23"]
[Round "?"]
[White "Hueser, Udo"]
[Black "Heyn, Wolfgang"]
[Result "1-0"]
[WhiteElo "1711"]
[BlackElo "1819"]
[PlyCount "95"]
[EventDate "2017.09.27"]
[EventType "tourn (corr)"]
[EventRounds "6"]
[EventCountry "GER"]
[SourceTitle "Corr 2022"]
[Source "ChessBase"]
[SourceDate "2021.10.24"]
[SourceVersion "1"]
[SourceVersionDate "2021.10.24"]
[SourceQuality "1"]

1. c4 e5 2. Nc3 Bb4 3. Nd5 Bc5 4. Nf3 c6 5. Nc3 Qe7 6. e3 e4 7. d4 Bb4 8. Nd2 Nf6 9. Qb3 b6 10. Be2 0-0 11. 0-0 Ba5 12. f3 exf3 13. Nxf3 d6 14. Bd3 Nbd7 15. Nh4 Nb8 16. e4 Bxc3 17. Qxc3 Nxe4 18. Bxe4 Qxh4 19. Bf4 f5 20. Bf3 Qf6 21. d5 c5 22. Qxf6 Rxf6 23. Rae1 Nd7 24. Re8+ Rf8 25. Rxf8+ Nxf8 26. Bxd6 Ba6 27. b3 Re8 28. a4 Nd7 29. g4 Bc8 30. gxf5 Nf6 31. Bb8 Re7 32. d6 Re3 33. Bd1 a6 34. Bc7 Nd7 35. Kf2 Rh3 36. Re1 Kf8 37. Kg1 Rd3 38. Bc2 Rd4 39. Be4 Nf6 40. Ba8 Bxf5 41. Bxb6 Nd7 42. Bc7 Nf6 43. a5 Bc2 44. Bb7 Bxb3 45. Bxa6 Bxc4 46. Bxc4 Rxc4 47. Ra1 Rg4+ 48. Kh1 1-0

[Event "GER OS-328 email"]
[Site "GER email"]
[Date "2017.09.10"]
[Round "?"]
[White "Hueser, Udo"]
[Black "Guenther, Rainer"]
[Result "1-0"]
[WhiteElo "1722"]
[BlackElo "1358"]
[PlyCount "51"]
[EventDate "2017.09.14"]
[EventType "tourn (corr)"]
[EventRounds "6"]
[EventCountry "GER"]
[SourceTitle "Corr 2020"]
[Source "ChessBase"]
[SourceDate "2019.09.30"]
[SourceVersion "1"]
[SourceVersionDate "2019.09.30"]
[SourceQuality "1"]

1. c4 Nf6 2. Nc3 e5 3. Nf3 Nc6 4. g3 d5 5. cxd5 Nxd5 6. Bg2 Be6 7. 0-0 Be7 8. d4 exd4 9. Nb5 Qd7 10. Nfxd4 Nxd4 11. Nxd4 c6 12. e4 Nc7 13. Be3 Bh3 14. Bxh3 Qxh3 15. Nf5 Ne6 16. Qb3 b6 17. Qa4 b5 18. Qa6 Kf8 19. Qxc6 Re8 20. Rac1 Bf6 21. Bc5+ Nxc5 22. Rxc5 Qg4 23. Qd6+ Kg8 24. Qd7 Qxe4 25. Rc8 Kf8 26. Nd6 1-0

[Event "GER OS-329 email"]
[Site "GER email"]
[Date "2017.09.10"]
[Round "?"]
[White "Hueser, Udo"]
[Black "Hagen, Joerg"]
[Result "1-0"]
[WhiteElo "1711"]
[BlackElo "1821"]
[PlyCount "79"]
[EventDate "2017.09.14"]
[EventType "tourn (corr)"]
[EventRounds "6"]
[EventCountry "GER"]
[SourceTitle "Corr 2020"]
[Source "ChessBase"]
[SourceDate "2019.09.30"]
[SourceVersion "1"]
[SourceVersionDate "2019.09.30"]
[SourceQuality "1"]

1. c4 g6 2. d4 f5 3. Nc3 Nf6 4. g3 d6 5. Nf3 Bg7 6. Bg2 0-0 7. 0-0 Qe8 8. d5 Na6 9. Rb1 Nc5 10. b4 Nce4 11. Nxe4 Nxe4 12. Bb2 Bxb2 13. Rxb2 e5 14. dxe6 Bxe6 15. Nd2 Nxd2 16. Qxd2 Rb8 17. Rc1 b6 18. b5 Bc8 19. Bd5+ Be6 20. Bc6 Bd7 21. Bg2 Qf7 22. Rb3 Bc8 23. Bd5 Be6 24. Ra3 Bxd5 25. cxd5 Ra8 26. Rac3 Rac8 27. e3 Rfe8 28. Rc6 Red8 29. Qd4 Rd7 30. Qa4 Qe8 31. h4 Rf7 32. Qa3 Rd7 33. R6c4 Qd8 34. Rc6 h6 35. R1c4 g5 36. Qc1 Qe7 37. Ra4 Ra8 38. Rc3 Qg7 39. Rac4 Rc8 40. hxg5 1-0

[Event "GER OS-305 email"]
[Site "GER email"]
[Date "2016.11.24"]
[Round "?"]
[White "Hueser, Udo"]
[Black "Granz, Thomas"]
[Result "1/2-1/2"]
[WhiteElo "1722"]
[BlackElo "1845"]
[PlyCount "69"]
[EventDate "2016.11.28"]
[EventType "tourn (corr)"]
[EventRounds "6"]
[EventCountry "GER"]
[SourceTitle "Corr 2020"]
[Source "ChessBase"]
[SourceDate "2019.09.30"]
[SourceVersion "1"]
[SourceVersionDate "2019.09.30"]
[SourceQuality "1"]

1. c4 c5 2. Nf3 Nc6 3. Nc3 Nf6 4. d4 cxd4 5. Nxd4 e5 6. Ndb5 d6 7. Nd5 Nxd5 8. cxd5 a6 9. Nc3 Nb8 10. e4 Be7 11. Bd3 0-0 12. 0-0 Nd7 13. Qh5 Nc5 14. Bc2 g6 15. Qe2 f5 16. Bh6 Rf7 17. f4 exf4 18. Bxf4 fxe4 19. Be3 Bf6 20. Bxc5 dxc5 21. Nxe4 Bxb2 22. Rxf7 Bxa1 23. Ng5 Bh3 24. Re7 Bg4 25. Qe1 Bf6 26. d6 Bxe7 27. Qe5 Bf6 28. Qd5+ Kg7 29. Qf7+ Kh6 30. Qxh7+ Kxg5 31. Qxg6+ Kf4 32. Qe4+ Kg5 33. Qg6+ Kf4 34. Qe4+ Kg5 35. Qg6+ 1/2-1/2

[Event "GER OS-305 email"]
[Site "GER email"]
[Date "2016.11.24"]
[Round "?"]
[White "Preussner, Michael"]
[Black "Hueser, Udo"]
[Result "1-0"]
[WhiteElo "1838"]
[BlackElo "1722"]
[PlyCount "117"]
[EventDate "2016.11.28"]
[EventType "tourn (corr)"]
[EventRounds "6"]
[EventCountry "GER"]
[SourceTitle "Corr 2020"]
[Source "ChessBase"]
[SourceDate "2019.09.30"]
[SourceVersion "1"]
[SourceVersionDate "2019.09.30"]
[SourceQuality "1"]

1. e4 e5 2. Nf3 Nc6 3. Bb5 a6 4. Ba4 Nf6 5. 0-0 Be7 6. Re1 b5 7. Bb3 d6 8. c3 0-0 9. h3 Re8 10. Ng5 Rf8 11. d4 Na5 12. Bc2 c5 13. Nf3 cxd4 14. cxd4 Bb7 15. d5 Rc8 16. b3 Qc7 17. Bd3 Nh5 18. Na3 Nf4 19. Be3 Nxd3 20. Qxd3 Ba8 21. Rac1 Qd7 22. b4 Nb7 23. Nb1 f5 24. exf5 Nd8 25. Rxc8 Qxc8 26. g4 Nf7 27. Rc1 Qb7 28. Nc3 Rc8 29. a3 Kh8 30. Nd2 Qd7 31. a4 bxa4 32. Nde4 Bb7 33. Ra1 Ra8 34. Nxa4 Qb5 35. Qd1 Rb8 36. Nac3 Qd7 37. b5 axb5 38. Qb3 Ra8 39. Rxa8+ Bxa8 40. Nxb5 Kg8 41. Na7 Bb7 42. Qc4 h6 43. Nc6 Bd8 44. Kh2 Bh4 45. Kg2 Qe8 46. f3 Qd7 47. Bf2 Bd8 48. h4 Bf6 49. Kg3 Be7 50. Be3 Kf8 51. Qc1 Ke8 52. f6 Bxf6 53. Bxh6 Qc7 54. g5 Qb6 55. gxf6 gxh6 56. Ne7 Kd7 57. Qc2 Qg1+ 58. Kh3 Ke8 59. Qb3 1-0

[Event "GER OS-304 email"]
[Site "GER email"]
[Date "2016.11.07"]
[Round "?"]
[White "Horn, Sven"]
[Black "Hueser, Udo"]
[Result "1-0"]
[WhiteElo "2102"]
[BlackElo "1737"]
[PlyCount "101"]
[EventDate "2016.11.11"]
[EventType "tourn (corr)"]
[EventRounds "6"]
[EventCountry "GER"]
[SourceTitle "Corr 2020"]
[Source "ChessBase"]
[SourceDate "2019.09.30"]
[SourceVersion "1"]
[SourceVersionDate "2019.09.30"]
[SourceQuality "1"]

1. e4 c5 2. Nf3 d6 3. d4 cxd4 4. Nxd4 Nf6 5. Nc3 a6 6. Be2 e5 7. Nb3 Be7 8. 0-0 0-0 9. Be3 Be6 10. Qd3 Nbd7 11. Nd5 Bxd5 12. exd5 b5 13. a4 Qc7 14. Rfc1 Nc5 15. Nxc5 dxc5 16. axb5 axb5 17. Qxb5 Nxd5 18. Rxa8 Rxa8 19. Bd2 Nf4 20. Bc3 Nd5 21. Be1 Nf4 22. Bf1 Rb8 23. Qa4 Qd6 24. b3 Ne6 25. Qg4 Qd5 26. Bc4 Qc6 27. Ra1 Rd8 28. Bxe6 fxe6 29. Bc3 Bf6 30. h3 Qd5 31. Re1 Kf8 32. Qg3 e4 33. Bxf6 gxf6 34. Qh4 Rd7 35. Qxf6+ Kg8 36. Qh4 Rg7 37. c4 Qd4 38. Rxe4 Qd1+ 39. Kh2 Qd6+ 40. Rf4 Rg6 41. b4 cxb4 42. c5 Qc7 43. g3 h6 44. Rg4 Rxg4 45. Qxg4+ Kf7 46. Qxb4 Ke8 47. Qb5+ Ke7 48. c6 Kd6 49. Qb7 Qxc6 50. Qxc6+ Kxc6 51. h4 1-0

[Event "GER OS-278 email"]
[Site "GER email"]
[Date "2015.10.03"]
[Round "?"]
[White "Hueser, Udo"]
[Black "Ilzig, Gerhard Gunther"]
[Result "0-1"]
[WhiteElo "1744"]
[BlackElo "1553"]
[PlyCount "182"]
[EventDate "2015.10.10"]
[EventType "tourn (corr)"]
[EventRounds "6"]
[EventCountry "GER"]
[SourceTitle "Corr 2020"]
[Source "ChessBase"]
[SourceDate "2019.09.30"]
[SourceVersion "1"]
[SourceVersionDate "2019.09.30"]
[SourceQuality "1"]

1. e4 Nf6 2. e5 Nd5 3. d4 d6 4. Nf3 dxe5 5. Nxe5 c6 6. Be2 Bf5 7. 0-0 Nd7 8. Nf3 e6 9. c4 N5f6 10. Nh4 Bxb1 11. Rxb1 Bd6 12. Qc2 0-0 13. b4 b5 14. Nf3 bxc4 15. Bxc4 a5 16. bxa5 Qxa5 17. Bg5 h6 18. Bd2 Qa7 19. Rfd1 Rfc8 20. Bc3 Nd5 21. Ba1 N7b6 22. Bb3 Qa5 23. Nd2 Nb4 24. Qe4 Qa7 25. Qg4 N4d5 26. Ne4 Qc7 27. Nxd6 Qxd6 28. Re1 Rcb8 29. Qf3 Nc8 30. Qe4 Nce7 31. a4 g6 32. Bc2 Nf5 33. Red1 h5 34. Qe1 Rxb1 35. Rxb1 Qf4 36. g3 Qd6 37. Bb2 Qc7 38. Qc1 Rb8 39. Ba1 Rxb1 40. Qxb1 Qa5 41. Qb8+ Kh7 42. Qb1 h4 43. Qc1 h3 44. Kf1 Nf6 45. Bb3 Ne4 46. Ke2 Qb4 47. Qb2 e5 48. dxe5 Qb6 49. Ke1 Nxf2 50. Bc4 Qe3+ 51. Qe2 Qc1+ 52. Kxf2 Qh1 53. Qf3 Qxh2+ 54. Kf1 Qc2 55. Kg1 Qxc4 56. Bc3 Qxa4 57. Kh2 Ng7 58. Kxh3 Qc4 59. Kg2 Kg8 60. Qe3 Ne6 61. Kg1 Qd5 62. Kh2 c5 63. Kg1 Qd1+ 64. Kf2 Qc2+ 65. Qd2 Qf5+ 66. Ke3 Qh3 67. Qf2 Qg4 68. Qf3 Qc4 69. Kd2 Nd4 70. Qe3 Qa2+ 71. Kd1 Nb5 72. Ke1 Nxc3 73. Qxc3 Qd5 74. Qe3 Kf8 75. Kf2 Ke7 76. Qg5+ Ke6 77. Qf6+ Kd7 78. Kg1 c4 79. Kh2 Kc7 80. Qf4 Kc6 81. Qf6+ Kb5 82. Qf1 Qxe5 83. Qxf7 c3 84. Qa2 Qh5+ 85. Kg2 Qd1 86. Kf2 Qd4+ 87. Kf3 Qd3+ 88. Kf2 c2 89. Qb2+ Kc5 90. Qe5+ Kc4 91. Qc7+ Kb4 0-1

[Event "GER OS-277 email"]
[Site "GER email"]
[Date "2015.09.21"]
[Round "?"]
[White "Hueser, Udo"]
[Black "Rund, Hans Juergen"]
[Result "1/2-1/2"]
[WhiteElo "1753"]
[BlackElo "1930"]
[PlyCount "68"]
[EventDate "2015.09.28"]
[EventType "tourn (corr)"]
[EventRounds "6"]
[EventCountry "GER"]
[SourceTitle "Corr 2020"]
[Source "ChessBase"]
[SourceDate "2019.09.30"]
[SourceVersion "1"]
[SourceVersionDate "2019.09.30"]
[SourceQuality "1"]

1. c4 Nf6 2. d4 g6 3. Nc3 d5 4. cxd5 Nxd5 5. e4 Nxc3 6. bxc3 Bg7 7. Nf3 c5 8. Rb1 0-0 9. Be2 cxd4 10. cxd4 Qa5+ 11. Bd2 Qxa2 12. 0-0 Nc6 13. d5 Ne5 14. Nxe5 Bxe5 15. Bb4 Bf6 16. Bb5 a6 17. Ba4 Qc4 18. d6 a5 19. dxe7 axb4 20. exf8Q+ Kxf8 21. Re1 Qc7 22. Bb3 Bc3 23. Qc2 Kg7 24. Red1 Bd7 25. f3 Be6 26. Kh1 Bxb3 27. Qxb3 Ra3 28. Qd5 Ra5 29. Qd8 Qxd8 30. Rxd8 b3 31. Kg1 b2 32. Kf2 Ra1 33. Rdd1 b5 34. Ke3 b4 1/2-1/2

[Event "GER OS-277 email"]
[Site "GER email"]
[Date "2015.09.21"]
[Round "?"]
[White "Niederdorf, Walter"]
[Black "Hueser, Udo"]
[Result "0-1"]
[WhiteElo "1547"]
[BlackElo "1753"]
[PlyCount "82"]
[EventDate "2015.09.28"]
[EventType "tourn (corr)"]
[EventRounds "6"]
[EventCountry "GER"]
[SourceTitle "Corr 2020"]
[Source "ChessBase"]
[SourceDate "2019.09.30"]
[SourceVersion "1"]
[SourceVersionDate "2019.09.30"]
[SourceQuality "1"]

1. e4 c5 2. Nf3 d6 3. Nc3 Nf6 4. Bb5+ Nbd7 5. d4 cxd4 6. Qxd4 e5 7. Qd3 h6 8. 0-0 Be7 9. h3 a6 10. Bxd7+ Bxd7 11. Re1 0-0 12. Nd5 Nxd5 13. Qxd5 Qc7 14. c4 Be6 15. Qd3 Bxc4 16. Qe3 f5 17. b3 Bb5 18. a4 fxe4 19. Qxe4 Bc6 20. Qg4 Bxf3 21. gxf3 Rf6 22. f4 Qc2 23. Qe2 Rc8 24. Qxc2 Rxc2 25. Be3 exf4 26. Bxf4 Rxf4 27. Rxe7 Rfxf2 28. Rxb7 Rg2+ 29. Kh1 Rh2+ 30. Kg1 Rcg2+ 31. Kf1 Rg5 32. Ra3 Rxh3 33. Rb6 a5 34. Rxd6 h5 35. Rd8+ Kf7 36. Ra8 h4 37. Ra7+ Kg6 38. Kf2 Rc3 39. Ra1 h3 40. Ra6+ Kh5 41. Ra8 Rg2+ 0-1

[Event "GER OS-276 email"]
[Site "GER email"]
[Date "2015.09.11"]
[Round "?"]
[White "Bloesl, Sven"]
[Black "Hueser, Udo"]
[Result "1-0"]
[WhiteElo "2052"]
[BlackElo "1744"]
[PlyCount "109"]
[EventDate "2015.09.18"]
[EventType "tourn (corr)"]
[EventRounds "6"]
[EventCountry "GER"]
[SourceTitle "Corr 2020"]
[Source "ChessBase"]
[SourceDate "2019.09.30"]
[SourceVersion "1"]
[SourceVersionDate "2019.09.30"]
[SourceQuality "1"]

1. e4 e5 2. Nf3 Nc6 3. Bb5 a6 4. Ba4 Nf6 5. 0-0 Be7 6. Re1 b5 7. Bb3 0-0 8. d4 d6 9. c3 Bg4 10. Be3 exd4 11. cxd4 Na5 12. Bc2 c5 13. h3 Bh5 14. g4 Bg6 15. Nbd2 Nd7 16. Qe2 Re8 17. a4 b4 18. Bd3 Qc8 19. Rac1 Qc6 20. Bf4 Qb7 21. Nc4 Nb3 22. Rcd1 Nxd4 23. Nxd4 cxd4 24. Bxd6 Nc5 25. f4 f6 26. Bxc5 Bxc5 27. e5 fxe5 28. Nxe5 Bxd3 29. Qxd3 Qd5 30. Qe4 Qb3 31. Rd3 Qe6 32. f5 Qd6 33. g5 Ra7 34. f6 Re6 35. Kh1 Rf7 36. Rdd1 Qb8 37. Qd5 Qb7 38. Qxb7 Rxb7 39. f7+ Rxf7 40. Nxf7 Kxf7 41. Kg2 Bb6 42. Kf3 Rd6 43. Re4 a5 44. Ke2 Kg6 45. Kd3 Kxg5 46. Rg1+ Kf6 47. Rf1+ Kg6 48. Rg4+ Kh6 49. Rh4+ Kg5 50. Rxh7 Kg6 51. Rh8 Re6 52. Rg1+ Kf7 53. Rh7 Rg6 54. Rxg6 Kxg6 55. Rh8 1-0

[Event "GER OS-276 email"]
[Site "GER email"]
[Date "2015.09.11"]
[Round "?"]
[White "Hueser, Udo"]
[Black "Fischer, Alexander"]
[Result "1/2-1/2"]
[WhiteElo "1744"]
[BlackElo "1640"]
[PlyCount "56"]
[EventDate "2015.09.18"]
[EventType "tourn (corr)"]
[EventRounds "6"]
[EventCountry "GER"]
[SourceTitle "Corr 2020"]
[Source "ChessBase"]
[SourceDate "2019.09.30"]
[SourceVersion "1"]
[SourceVersionDate "2019.09.30"]
[SourceQuality "1"]

1. c4 e5 2. Nc3 Nf6 3. Nf3 Nc6 4. a3 d5 5. cxd5 Nxd5 6. Qc2 Nf6 7. e3 Bd6 8. b4 a6 9. Bb2 Qe7 10. Bc4 Be6 11. d3 0-0 12. Ng5 Bf5 13. 0-0 h6 14. Nge4 Nxe4 15. Nxe4 Bxe4 16. dxe4 Nd8 17. Rfd1 Ne6 18. Rd3 a5 19. Bxe6 Qxe6 20. b5 Rfd8 21. Rad1 a4 22. Rd5 f6 23. Qc4 Kh7 24. Qc2 Kg8 25. R1d3 Qe8 26. Rc3 Kh8 27. h3 Ra5 28. Qd3 Kh7 1/2-1/2

[Event "GER OS-276 email"]
[Site "GER email"]
[Date "2015.09.11"]
[Round "?"]
[White "Hueser, Udo"]
[Black "Wernitz, Helmut"]
[Result "1/2-1/2"]
[WhiteElo "1744"]
[BlackElo "1578"]
[PlyCount "80"]
[EventDate "2015.09.18"]
[EventType "tourn (corr)"]
[EventRounds "6"]
[EventCountry "GER"]
[SourceTitle "Corr 2020"]
[Source "ChessBase"]
[SourceDate "2019.09.30"]
[SourceVersion "1"]
[SourceVersionDate "2019.09.30"]
[SourceQuality "1"]

1. e4 c5 2. Nf3 b6 3. c4 Bb7 4. Nc3 Nf6 5. e5 Ne4 6. Ne2 b5 7. Nc3 bxc4 8. Bxc4 e6 9. 0-0 d5 10. exd6 Nxd6 11. Bb3 Nf5 12. Ba4+ Nc6 13. d4 cxd4 14. Ne5 Rc8 15. Qb3 Qb6 16. Nb5 Be7 17. Bf4 0-0 18. Nd7 Qa5 19. Nxf8 Bxf8 20. Nd6 Nxd6 21. Bxd6 Ba6 22. Bxf8 Bxf1 23. Bxg7 Kxg7 24. Qg3+ Kh8 25. Bxc6 Rxc6 26. Rxf1 e5 27. Qf3 Qc7 28. Qf5 Re6 29. f3 Kg7 30. b3 Qb6 31. Qg4+ Rg6 32. Qe4 d3+ 33. Kh1 d2 34. Rd1 Qc5 35. b4 Qc3 36. Qd5 Rb6 37. a3 Ra6 38. Qxd2 Qxd2 39. Rxd2 Rxa3 40. Kg1 Rb3 1/2-1/2

[Event "GER OS-255 email"]
[Site "GER email"]
[Date "2014.11.24"]
[Round "?"]
[White "Hueser, Udo"]
[Black "Achatz, Michael"]
[Result "0-1"]
[WhiteElo "1753"]
[BlackElo "1937"]
[PlyCount "122"]
[EventDate "2014.12.01"]
[EventType "tourn (corr)"]
[EventRounds "6"]
[EventCountry "GER"]
[SourceTitle "Corr 2020"]
[Source "ChessBase"]
[SourceDate "2019.09.30"]
[SourceVersion "1"]
[SourceVersionDate "2019.09.30"]
[SourceQuality "1"]

1. b4 e5 2. Bb2 Bxb4 3. Bxe5 Nf6 4. Nf3 0-0 5. a3 Ba5 6. e3 d5 7. c4 Re8 8. Be2 c5 9. cxd5 Nxd5 10. 0-0 Nc6 11. Bg3 Qf6 12. Ra2 Bc7 13. Bxc7 Nxc7 14. d4 cxd4 15. Nxd4 Nxd4 16. Qxd4 Qxd4 17. exd4 Nd5 18. Rb2 b6 19. Bf3 Be6 20. Bxd5 Bxd5 21. Nc3 Red8 22. Rc1 Rac8 23. f3 Rc7 24. Kf2 Be6 25. Rd2 Rdc8 26. d5 Bd7 27. Rd3 Rc5 28. h3 h5 29. g4 hxg4 30. fxg4 Bb5 31. Re3 Rxd5 32. Nxd5 Rxc1 33. Rc3 Rxc3 34. Nxc3 Bd7 35. Ke3 f6 36. Kd4 Bc6 37. h4 Bd7 38. g5 fxg5 39. hxg5 Kf7 40. Ke5 Kg6 41. Kf4 b5 42. Nd1 a5 43. Nc3 b4 44. axb4 axb4 45. Nd1 Bc6 46. Nb2 b3 47. Nc4 Bb5 48. Nb2 Be8 49. Nd3 Kf7 50. Kf5 Ke7 51. Ke5 Bf7 52. Nb2 Kd7 53. Nd3 Kc6 54. Kd4 Bg6 55. Nb2 Kd6 56. Kc3 Bc2 57. Nc4+ Ke6 58. Kd4 Kf5 59. Nb2 Kxg5 60. Ke3 Kh4 61. Kf2 g5 0-1

[Event "GER OS-255 email"]
[Site "GER email"]
[Date "2014.11.24"]
[Round "?"]
[White "Hueser, Udo"]
[Black "Fischer, Ronald"]
[Result "0-1"]
[WhiteElo "1753"]
[BlackElo "1808"]
[PlyCount "34"]
[EventDate "2014.12.01"]
[EventType "tourn (corr)"]
[EventRounds "6"]
[EventCountry "GER"]
[SourceTitle "Corr 2020"]
[Source "ChessBase"]
[SourceDate "2019.09.30"]
[SourceVersion "1"]
[SourceVersionDate "2019.09.30"]
[SourceQuality "1"]

1. g4 d5 2. h3 e5 3. Bg2 Nc6 4. d3 h5 5. g5 Be6 6. Nc3 Nge7 7. Bxd5 Nxd5 8. Ne4 Qd7 9. h4 0-0-0 10. a3 Kb8 11. Nf3 Bh3 12. Rg1 Bg4 13. Nh2 Nd4 14. Nxg4 hxg4 15. c3 Nf5 16. c4 Nf4 17. Bxf4 exf4 0-1